| 000 | 01390cam a22003851a 4500 | ||
|---|---|---|---|
| 999 |
_c8803 _d8803 |
||
| 003 | EG-ScBUE | ||
| 005 | 20200111093336.0 | ||
| 008 | 190729t2008 maua f b 001 0 eng d | ||
| 020 | _a9780618834969. | ||
| 020 | _a0618834966 | ||
| 020 | _a9780618834969 | ||
| 020 | _a9780618767830 | ||
| 020 | _a0618767835 | ||
| 040 |
_aEG-ScBUE _beng _erda _cEG-ScBUE _dEG-ScBUE |
||
| 082 | 0 | 4 |
_a808.042 _bBRA _222 |
| 100 | 1 |
_aBrandon, Lee, _eauthor. |
|
| 245 | 1 | 0 |
_aSentences, paragraphs and beyond : _bwith integrated readings / _cLee Brandon, Mt. San Antonio College, Kelly Brandon, Santa Ana College. |
| 250 | _aFifth edition. | ||
| 264 | 1 |
_aBoston ; _aNew York : _bHoughton Mifflin Company, _c[2008] |
|
| 264 | 1 | _cc 2008 | |
| 300 |
_axxi, 474 pages : _billustrations (some color) ; _c28 cm |
||
| 336 |
_2rdacontent _atext _btxt |
||
| 337 |
_2rdamedia _aunmediated _bn |
||
| 338 |
_2rdacarrier _avolume _bnc |
||
| 500 | _a Distributer: Bacca | ||
| 504 | _aIncludes bibliographical references and index. | ||
| 590 | _aAsmaa mohamed | ||
| 650 | 7 |
_aEnglish language _xSentences _vProblems, exercises, etc. _2BUEsh _99255 |
|
| 650 | 7 |
_aEnglish language _xParagraphs _vProblems, exercises, etc. _2BUEsh _934104 |
|
| 650 | 7 |
_aCollege readers. _2BUEsh |
|
| 653 |
_bHHUUEENN _cJanuary2020 |
||
| 655 | _vReading book | ||
| 700 | 1 |
_aBrandon, Kelly, _eauthor. |
|
| 942 |
_cBB _k808.042 BRA _2ddc |
||